000 00622nam a2200217Ia 4500
005 20241129110950.0
008 241129s9999||||xx |||||||||||||| ||und||
020 _a978-93--5572-410-2
037 _aTB
040 _aCRL
_beng
_cCRL
041 _aeng
_2eng
084 _aV2y7M69:g(W87) R2
_qCRL
100 _aDas Suranjan Ed.
245 0 _aGandhi and the Champaran satyagraha: selected readings
_cDas Suranjan Ed.
260 _aDelhi, India
_bPrimus Books
_c2022
300 _axx,859p.
365 _aINR
_b1995
650 _a History
942 _cTB
_hV2y7M69:g(W87) R2
999 _c1228310
_d1228310